Statistiques concernant Quiz sur le Soudan du Sud

Cliquez ici pour prendre le quiz!

Statistiques générales

  • Ce quiz a été pris 2 827 fois
  • Le résultat moyen est 14 sur 20

Statistiques - réponses

QuestionRéponse% Correct
Pays frontaliersSoudan
96%
Pays frontaliersÉthiopie
91%
Pays européen qui contrôlait le Soudan du Sud de 1899 à 1956Royaume-Uni
90%
Religion la plus pratiquéeChristianisme
85%
Pays frontaliersCentrafrique
84%
Langue officielleAnglais
83%
Pays frontaliersKenya
82%
Pays frontaliersRD Congo
82%
Le peuple Dinka au Soudan du Sud est peut-être le plus _____
en moyenne. Le basketteur Manute Bol en est un bon exemple.
Grand
81%
Année de l'indépendance du Soudan du Sud (le plus jeune pays du monde)2011
80%
Langue la plus parléeArabe
79%
Pays frontaliersOuganda
78%
Produit d'exportation qui représente 98% des revenus de l'étatPétrole
72%
Embranchement du Nil qui traverse celle-ciNil {Blanc}
68%
Ce président américain a offert un chapeau Stetson à Salva Kiir,
le président sud-soudanais, qui n'apparaît plus sans depuis
George W. Bush
65%
CapitaleDjouba
64%
Colonie de ce pays qui administrait alors le Soudan du SudÉgypte
55%
Langue officielle de la Communauté d'Afrique de l'Est,
à laquelle le Soudan du Sud appartient
Swahili
45%
Devise monétaireLivre
28%
Vaste marais formé par ce fleuve lors de la saison humideS{udd}
13%

Distribution des résultats

Percentile par nombre de réponses

% des personnes avec chaque résultat

Votre développement - résultats

Vous n’avez pas pris ce quiz